Loreto College Library, Kolkata
WEBOPAC (ONLINE PUBLIC ACCESS CATALOGUE)

Aims, influence and change in the primary school curriculum (Record no. 26165)

MARC details
000 -LEADER
fixed length control field 00606nam a2200205Ia 4500
008 - FIXED-LENGTH DATA ELEMENTS--GENERAL INFORMATION
fixed length control field 131103s9999 xx 000 0 und d
020 ## - ISBN | অাই এস বি এন
ISBN | অাই এস বি এন 85633 072 8
040 ## - CATALOGING SOURCE
Original cataloging agency Loreto College
041 ## - LANGUAGE CODE
Language code English
082 ## - DDC | ডিউই
Classification number | বর্গসংখ্যা 372/TAY
Book Number | গ্রন্থাঙ্ক LCBED/1521
245 ## - TITLE STATEMENT | অাখ্যা বিবরণী
Title | অাখ্যা Aims, influence and change in the primary school curriculum
Statement of responsibility | লেখকের দায়িত্বের বিবরণ Edited by P H Taylor
260 ## - IMPRINT | প্রকাশনা ক্ষেত্র
Place of publication | প্রকাশ স্থান Great Britain
Name of publisher | প্রকাশকের নাম NFER
Date of publication | প্রকাশ কাল 1975
300 ## - PHYSICAL DESCRIPTION |
Page / Vol. No | পৃষ্ঠা / খন্ড সংখ্যা 198p.
Other physical details | অনান্য বাহ্যিক বিবরণ Chart
440 ## - SERIES STATEMENT |গ্রন্থমালা
Series Title | গ্রন্থমালা অাখ্যা Monographs in curriculum studies
504 ## - BIBLIOGRAPHY, ETC. NOTE
Bibliography, etc Includes appendix
650 ## - SUBJECT ADDED ENTRY--TOPICAL TERM | বিষয় শিরোনাম - মূল বিষয়
Topical term | মূল বিষয় Elementary education
700 ## - ADDED ENTRY--PERSONAL NAME | অতিরিক্ত সংলেখ - ব্
Personal name | ব্যাক্তিনাম Taylor, P H;ed.
850 ## - HOLDING INSTITUTION
Holding institution LCBED/372/TAY
942 ## - ADDED ENTRY ELEMENTS (KOHA)
Koha item type Books
Holdings
Withdrawn status Lost status Damaged status Not for loan Home library Current library Date acquired Total Checkouts Full call number Accession No. Date last seen Price effective from Koha item type
        Loreto College Loreto College 04/11/2013   372/TAY LCBED/1521 B29004 04/11/2013 04/11/2013 Books